| 000 | 00471nam a2200169 4500 | ||
|---|---|---|---|
| 005 | 20260108165057.0 | ||
| 008 | 260108b |||||||| |||| 00| 0 eng d | ||
| 020 | _a978-0-75355-519-4 | ||
| 041 | _aEnglish | ||
| 082 |
_aX 658.11 THI _bB12141 |
||
| 100 |
_aThiel, Peter _9216241 |
||
| 245 |
_aZero to One _b:Notes on Startups, or How to Build the Future |
||
| 260 |
_aUK _bPenguin Random house _c2014 |
||
| 300 |
_a210p _bpb |
||
| 365 |
_aRupaye _b462 _cINR |
||
| 942 | _cBK | ||
| 999 |
_c369792 _d369792 |
||